[Event "3rd Sharjah Masters 2019"]
[Site "Sharjah"]
[Date "2019.03.24"]
[Round "3.31"]
[White "Harsha, Bharathakoti"]
[Black "Sapaev, Maksad"]
[Result "1-0"]
[WhiteElo "2497"]
[BlackElo "2214"]
[Annotator "TA"]
[PlyCount "83"]
[EventDate "2019.03.22"]
[EventType "swiss"]
[EventCountry "UAE"]
[SourceTitle "playchess.com"]
[Source "ChessBase"]
[SourceQuality "1"]

{[%evp 18,83,31,21,38,42,23,36,64,31,18,6,65,74,72,75,61,66,88,51,45,49,184,56,72,61,179,180,201,188,182,181,228,218,241,239,251,246,249,248,260,250,388,383,454,409,440,397,475,342,297,297,565,566,547,562,545,537,4147,4133,5815,1195,29981,29980,29982,29983,29984,29985]} 1. d4 Nf6 2. c4 e6 3. Nc3 Bb4 4. g3 c5 5. Nf3 b6 6. Bg2 Bb7 7. O-O cxd4 8. Qxd4 O-O 9. Rd1 Nc6 10. Qd3 Na5 {E20: Nimzo-Indian: 4 g3 and 4 f3} 11. Bd2 $146 ({Predecessor:} 11. b3 d5 12. cxd5 Rc8 13. Bb2 Bxc3 14. Bxc3 Qxd5 15. Qb1 Qh5 16. Qb2 Qh6 17. Bxa5 bxa5 18. Qd4 {1-0 (56) Kazhgaleyev,M (2594)-Asrian,K (2621) France 2008}) 11... Rc8 12. b3 Qe7 {White is slightly better.} 13. Nb5 Bxd2 14. Rxd2 Be4 ({Better is} 14... d5 $11) 15. Qd6 $14 Qd8 16. Rad1 ({Don't go for} 16. Nxa7 $2 Ra8 $19) 16... a6 17. Nc3 Bc6 18. Ne5 Bxg2 19. Kxg2 {[%cal Re5d7]} h6 (19... Nb7 $14 20. Qd4 d6) 20. Rd4 (20. Nxd7 $18 Nxd7 21. Qxd7 Qxd7 22. Rxd7) 20... Nb7 $1 {[%cal Rb7d6]} 21. Qa3 $36 {[%cal Re5d7][%mdl 2048] White is more active.} Qc7 (21... d5 $1 $14) 22. Nxd7 $18 Qc6+ 23. Kg1 {[#] Strongly threatening Nxf6+.} Nxd7 24. Rxd7 b5 25. Qb4 Qc5 26. a3 Qxb4 27. axb4 bxc4 28. Rxb7 cxb3 29. Na4 Rc2 (29... Rb8 {was necessary.} 30. Rdd7 Rfc8) 30. Rb1 Rxe2 31. Rxb3 Rc8 32. Rf3 f5 33. Re3 Rc1+ 34. Kg2 Ra2 $2 {[#]} (34... Rxe3 {is a better defense.} 35. fxe3 Rc2+ 36. Kf3 g5) 35. Nc5 Rcc2 36. Rf3 Re2 37. Re7 Rab2 38. Nxe6 Rxb4 39. Rxf5 (39. Rxg7+ $142 Kh8 40. Re7) 39... Rb8 40. Rxg7+ {White mates.} Kh8 41. Rg6 Kh7 42. Nf4 {Accuracy: White = 60%, Black = 34%.} 1-0

[Event "3rd Sharjah Masters 2019"]
[Site "Sharjah"]
[Date "2019.03.24"]
[Round "3.32"]
[White "Nigmatov, Ortik"]
[Black "Srihari, L R"]
[Result "1-0"]
[WhiteElo "2478"]
[BlackElo "2211"]
[Annotator "TA"]
[PlyCount "89"]
[EventDate "2019.03.22"]
[EventType "swiss"]
[EventCountry "UAE"]
[SourceTitle "playchess.com"]
[Source "ChessBase"]
[SourceQuality "1"]

{[%evp 11,89,17,15,0,0,0,0,-16,39,40,82,57,94,66,152,162,159,164,189,161,292,276,274,261,382,378,387,387,369,372,358,350,327,282,308,284,275,277,277,267,308,291,296,302,433,429,490,484,722,764,750,689,783,777,731,770,787,785,767,715,905,899,5120,5113,5879,902,905,903,863,823,910,843,5057,1979,1729,1729,1127,1116,1866,1774]} 1. e4 c6 2. d4 d5 3. e5 Bf5 4. h4 h5 5. Bd3 Bxd3 6. Qxd3 e6 7. Bg5 {B12: Caro-Kann: Advance Variation} Qb6 (7... Be7 8. Nf3 Nh6 9. Nbd2 Nf5 10. Nf1 Qa5+ 11. c3 Qa6 12. Qd2 Nd7 13. Ng3 Nxg3 14. fxg3 f6 {½-½ (72) Inarkiev,E (2693)-Tomashevsky,E (2705) St Petersburg 2018}) 8. Nd2 c5 9. c4 {The position is equal.} Nc6 (9... Qxb2 $11 10. Rb1 Qxa2) 10. Ngf3 $14 Be7 {[%cal Rc5d4]} 11. O-O Bxg5 $146 ({Predecessor:} 11... Nh6 12. Bxe7 Nxe7 13. cxd5 Nxd5 14. Nc4 Qc6 15. Nd6+ Ke7 16. Rac1 Ng4 17. Rxc5 Qd7 18. Rfc1 b6 19. R5c4 Rab8 20. Qa3 Rhf8 21. Nf5+ {1-0 (21) Weinzettl,E (2213)-Vraj,O (1891) Vsetin 2018}) 12. hxg5 O-O-O (12... Nge7 $14) 13. cxd5 $16 Rxd5 {[%cal Rc5d4]} 14. Nc4 Qc7 {[%cal Rc5d4]} 15. Rac1 $36 {[%mdl 2048] White is in control.} cxd4 (15... Nge7 {was called for.}) 16. Nd6+ Kb8 {[#]} 17. b4 $1 {[%cal Bb2b4,Bb4b5][%mdl 544]} Rxd6 (17... a6 {was worth a try.} 18. a4 Rxd6) (17... Nxb4 18. Rxc7) 18. exd6 $18 Qxd6 19. b5 Nb4 {[#]} 20. Qa3 $1 ({Not} 20. Qc4 Ne7 $16) 20... Ne7 21. Rc4 {[%mdl 64] Double Attack} Ned5 22. Rxd4 Qe7 23. Qb3 Rc8 24. Rc4 Rxc4 25. Qxc4 Nc7 26. Rd1 {Qxb4! is the strong threat.} Nbd5 27. a4 Kc8 (27... f5 $142 28. Qd4 Qf7) 28. Qd4 $1 {[%csl LRa7,LRg7] White is clearly winning.} f6 29. Qxa7 fxg5 (29... Qa3 $142 30. Nd4 e5) 30. b6 Qc5 31. a5 g4 32. Ne5 g3 {[#]} 33. Qb8+ $1 {[%mdl 576] Deflection, Decoy} Kxb8 34. Nd7+ {[%mdl 64] Double Attack} Kc8 35. Nxc5 gxf2+ 36. Kxf2 {[%mdl 4096] Endgame KRN-KNN} Ne8 37. a6 {[%cal Ba5a6,Ba6a7][%mdl 32]} Nef6 38. Rb1 (38. a7 $142 Nxb6 39. Nxe6) 38... Kb8 39. a7+ Ka8 40. Nxe6 Ne4+ 41. Kg1 Nd6 42. Rd1 (42. Nc7+ $142 Nxc7 43. bxc7) 42... Nxb6 43. Rxd6 Kxa7 44. Nxg7 h4 45. Rd4 {Accuracy: White = 74%, Black = 30%.} 1-0

[Event "3rd Sharjah Masters 2019"]
[Site "Sharjah"]
[Date "2019.03.24"]
[Round "3.33"]
[White "Sadhwani, Raunak"]
[Black "Abdurakhmonov, Mukhammadali"]
[Result "1-0"]
[WhiteElo "2455"]
[BlackElo "2205"]
[Annotator "RC"]
[PlyCount "45"]
[EventDate "2019.03.22"]
[EventType "swiss"]
[EventCountry "UAE"]
[SourceTitle "playchess.com"]
[Source "ChessBase"]
[SourceQuality "1"]
[TimeControl "5400+30"]

1. d4 {[%emt 0:00:00]} Nf6 {[%emt 0:00:52]} 2. Nc3 {[%emt 0:00:00]} g6 {[%emt 0:00:40]} 3. e4 {[%emt 0:00:14]} d6 {[%emt 0:00:05]} 4. Bf4 {[%emt 0:01:38]} c6 {[%emt 0:05:57]} 5. Qd2 {[%emt 0:00:08]} b5 {[%emt 0:01:04]} 6. e5 {[%emt 0:01:03]} dxe5 {[%emt 0:04:28]} 7. dxe5 {[%emt 0:00:30]} Qxd2+ {[%emt 0:00:12]} 8. Bxd2 {[%emt 0:00:47]} Nfd7 {[%emt 0:00:54]} 9. f4 {[%emt 0:02:48]} Nb6 {[%emt 0:01:23]} 10. Nf3 {[%emt 0:08:08]} a6 {[%emt 0:22:00]} 11. a4 {[%emt 0:05:28]} b4 {[%emt 0:04:53]} 12. Ne4 {[%emt 0:00:07]} a5 {[%emt 0:04:09]} 13. Nd4 {[%emt 0:04:23]} Bh6 {[%emt 0:03:48]} 14. h4 {[%emt 0:19:20]} Ba6 {[%emt 0:15:21]} 15. h5 {[%emt 0:04:01]} Bxf1 {[%emt 0:01:01]} 16. Kxf1 {[%emt 0:00:12]} Nd5 {[%emt 0:06:52]} 17. g3 {[%emt 0:01:05]} Bg7 {[%emt 0:00:45]} 18. h6 {[%emt 0:00:15]} Bf8 {[%emt 0:00:07]} 19. e6 {[%emt 0:00:03]} f5 {[%emt 0:03:55]} 20. Ng5 {[%emt 0:01:14]} c5 {[%emt 0:00:26]} 21. Nb5 {[%emt 0:01:03]} Na6 {[%emt 0:00:20]} 22. c4 {[%emt 0:02:05]} bxc3 {[%emt 0:02:42]} 23. Bxc3 {[%emt 0:00:12]} 1-0

[Event "3rd Sharjah Masters 2019"]
[Site "Sharjah"]
[Date "2019.03.24"]
[Round "3.34"]
[White "Tokhirjonova, Gulrukhbegim"]
[Black "Bouzidi, Ahmed"]
[Result "1/2-1/2"]
[WhiteElo "2434"]
[BlackElo "2199"]
[Annotator "TA"]
[PlyCount "75"]
[EventDate "2019.03.22"]
[EventType "swiss"]
[EventCountry "UAE"]
[SourceTitle "playchess.com"]
[Source "ChessBase"]
[SourceQuality "1"]

{[%evp 26,75,0,-8,17,22,34,25,66,21,76,65,65,65,122,122,122,116,116,114,114,30,32,33,294,294,294,294,294,294,294,294,294,272,320,320,349,348,412,415,400,404,568,638,872,872,854,855,764,745,831,769]} 1. e4 e5 2. Nf3 Nc6 3. d4 exd4 4. Nxd4 Nf6 5. Nxc6 bxc6 6. e5 Qe7 7. Qe2 Nd5 8. c4 Ba6 9. Nd2 g6 10. Nf3 {C45: Scotch Game} Bg7 11. Bg5 Qb4+ 12. Qd2 Qxd2+ 13. Bxd2 Nb6 14. b3 {[#] LiveBook: 11 Games} f6 $146 ({Predecessor:} 14... d6 15. O-O-O dxe5 16. Nxe5 Bxe5 17. Re1 f6 {1-0 (56) Ni,H (2673)-Adhiban,B (2555) Ho Chi Minh City 2012}) 15. exf6 Bxf6 16. O-O-O c5 17. Bd3 Bb7 (17... O-O-O $11) 18. Rhe1+ Kf7 19. Ng5+ Kg7 (19... Bxg5 $1 $14 20. Bxg5 Rae8) 20. Be4 $16 Bxg5 21. Bxg5 Bxe4 22. Rxe4 {Black must now prevent Re7+.} Rae8 23. Be7 (23. Rde1 $16 Rxe4 24. Rxe4) 23... d6 $11 24. Rde1 $36 {[%mdl 2048] Strongly threatening Bf6+! White has good play.} Nd7 $2 {[%mdl 8192] [#]} ({Black should try} 24... Kf7 $1 $14) 25. Bxd6 $1 $18 {[%mdl 512]} Rxe4 (25... cxd6 26. Rxe8) 26. Rxe4 cxd6 {[%mdl 4096] Endgame KRN-KR} 27. Re7+ Kf6 28. Rxd7 {KR-KR} Ke5 29. Rxa7 g5 30. Kd2 h5 31. a4 {[%cal Ba2a4,Ba4a5,Ba5a6][%mdl 32]} Rf8 32. Re7+ Kf6 33. Re2 g4 (33... Ra8 $142 34. h3 g4 35. hxg4 hxg4) 34. Kc3 {White is clearly winning.} h4 35. a5 Ra8 36. Ra2 Ke5 37. a6 Ra7 38. b4 {[%mdl 32768] Precision: White = 72%, Black = 29%. . An unexpected result.} 1/2-1/2

[Event "3rd Sharjah Masters 2019"]
[Site "Sharjah"]
[Date "2019.03.24"]
[Round "3.35"]
[White "Paramzina, Anastasya"]
[Black "Shyaamnikhil P"]
[Result "1/2-1/2"]
[WhiteElo "2196"]
[BlackElo "2429"]
[Annotator "TA"]
[PlyCount "64"]
[EventDate "2019.03.22"]
[EventType "swiss"]
[EventCountry "UAE"]
[SourceTitle "playchess.com"]
[Source "ChessBase"]
[SourceQuality "1"]

{[%evp 19,64,9,20,10,19,9,16,13,36,33,33,16,13,8,8,8,14,0,0,0,0,0,6,2,7,4,3,9,18,17,17,10,10,10,10,10,10,10,10,10,10,10,10,10,10,10,10]} 1. e4 c5 2. Nf3 d6 3. d4 Nf6 4. Nc3 cxd4 5. Nxd4 a6 6. Be3 e5 7. Nf3 Be7 8. Bc4 O-O 9. O-O Nc6 10. Bg5 {B90: Sicilian Najdorf: Unusual White 6th moves, 6 Be3 Ng4 and 6 Be3 e5} (10. Re1 Be6 11. Nd5 Bxd5 12. exd5 b5 13. Bf1 Nb4 14. c4 bxc4 15. Bxc4 Qa5 16. Bd2 Qb6 17. Nh4 g6 {1-0 (60) Karjakin,S (2753)-Yilmaz,M (2636) St Petersburg 2018}) 10... Na5 {LiveBook: 5 Games} 11. Be2 Be6 12. Bxf6 Bxf6 13. Nd5 Bxd5 14. Qxd5 Rc8 15. b4 Nc6 {The position is equal.} 16. a3 $146 ({Predecessor:} 16. c3) 16... Qc7 17. c4 a5 18. Rab1 axb4 19. axb4 Rfd8 20. Qd2 Ra8 21. Ra1 Qb6 22. b5 Nd4 23. Nxd4 exd4 24. Bd3 Ra7 25. Ra2 Rda8 26. Rfa1 Qc5 27. g3 g6 28. Kg2 Kg7 29. h4 h6 30. Rxa7 Rxa7 31. Rxa7 Qxa7 32. Qb4 Qb6 {Precision: White = 57%, Black = 76%.} 1/2-1/2

[Event "3rd Sharjah Masters 2019"]
[Site "Sharjah"]
[Date "2019.03.24"]
[Round "3.36"]
[White "Laxman, R.R."]
[Black "Zarkovic, Mila"]
[Result "1-0"]
[WhiteElo "2425"]
[BlackElo "2187"]
[Annotator "TA"]
[PlyCount "41"]
[EventDate "2019.03.22"]
[EventType "swiss"]
[EventCountry "UAE"]
[SourceTitle "playchess.com"]
[Source "ChessBase"]
[SourceQuality "1"]

{[%evp 15,41,23,23,6,12,18,45,-5,72,29,44,-7,50,0,0,0,11,0,0,0,68,81,179,172,288,289,300,290]} 1. d4 Nf6 2. Nf3 e6 3. c4 Bb4+ 4. Bd2 a5 5. Nc3 d6 6. g3 Nbd7 7. Bg2 O-O 8. O-O e5 9. a3 {E11: Bogo-Indian} (9. Rc1 Re8 10. Bg5 exd4 11. Nxd4 h6 12. Be3 Rxe3 13. fxe3 Ne5 14. Nd5 Nxd5 15. cxd5 Bc5 16. Rc3 Bd7 {0-1 (50) Ftacnik,L (2546)-Papaioannou,I (2652) Heraklio 2017}) 9... Bxc3 $1 10. Bxc3 {[%cal Rd4e5]} Qe7 11. Qc2 {White is slightly better.} Re8 (11... e4 $1 $11 {keeps the balance.}) 12. e3 a4 13. Rad1 $146 ({White should play} 13. e4 $14) ({Predecessor:} 13. Nd2 c5 14. dxe5 dxe5 {0-1 (37) Djurhuus,R (2405)-Fyllingen,R (2330) Kristiansund 1992}) 13... h6 ({Better is} 13... e4 $11 14. Nd2 b6) 14. Nh4 e4 15. f3 $36 {[%mdl 2048] Threatens to win with Nf5. White is pushing.} Nb6 16. fxe4 Nxe4 17. Bb4 Bg4 (17... c5 $11 18. dxc5 dxc5 19. Qxe4 Qxe4 20. Bxe4 cxb4) 18. Rde1 $1 $14 c5 (18... Qe6 $16 {was worth a try.}) 19. Rf4 $18 cxb4 (19... Qd7 $142) 20. Rxg4 ({Less strong is} 20. Bxe4 Be6 $14) ({Stronger than} 20. Qxe4 Qxe4 21. Bxe4 Bd7 $17) 20... Ng5 {[#]} 21. Nf5 $1 {Accuracy: White = 38%, Black = 31%.} ({Not} 21. axb4 g6 $16) 1-0

[Event "3rd Sharjah Masters 2019"]
[Site "Sharjah"]
[Date "2019.03.24"]
[Round "3.37"]
[White "Raja Rithvik R"]
[Black "Jaeel, Atharva"]
[Result "1-0"]
[WhiteElo "2423"]
[BlackElo "2145"]
[Annotator "TA"]
[PlyCount "93"]
[EventDate "2019.03.22"]
[EventType "swiss"]
[EventCountry "UAE"]
[SourceTitle "playchess.com"]
[Source "ChessBase"]
[SourceQuality "1"]

{[%evp 14,93,27,22,22,20,39,38,68,16,20,0,6,0,0,0,0,0,0,0,41,52,46,32,29,0,31,34,24,0,17,24,9,5,27,0,0,-7,-7,-5,79,74,98,16,142,148,215,217,368,352,364,351,340,348,555,451,459,459,432,435,458,458,456,454,435,351,341,312,327,347,297,295,641,629,1017,967,888,888,6187,5984,29983,29984]} 1. d4 Nf6 2. c4 e6 3. Nf3 d5 4. Bg5 Be7 5. e3 O-O 6. Nc3 Nbd7 7. Qc2 c5 8. Rd1 cxd4 {D61: Queen's Gambit Declined: Classical: 7 Qc2} 9. Rxd4 {[%cal Rc4d5]} (9. Nxd4 h6 10. Bh4 Nb6 11. Be2 Bd7 12. Bxf6 Bxf6 13. cxd5 Nxd5 14. Nxd5 exd5 15. O-O Qb6 16. Bf3 Rac8 17. Qb1 {½-½ (79) Tomashevsky,E (2731)-Iordachescu,V (2584) Baku 2016}) 9... h6 10. Bh4 Bc5 {White is slightly better.} 11. Rd1 $146 (11. Rd2 $1 $14) ({Predecessor:} 11. Rd2 g5 12. cxd5 Nxd5 13. Bg3 Nxc3 14. Qxc3 Qe7 15. a3 Nf6 16. Qc2 {1-0 (35) Hindicky,F-Cacko,J Slovakia 2003}) 11... Qa5 $11 12. Nd2 (12. a3 {with more complications.} Ne4 13. Rc1 Nxc3 14. Qxc3 Qxc3+ 15. Rxc3 dxc4 16. Bxc4 b6 17. O-O) 12... Bb4 13. cxd5 Bxc3 14. Qxc3 Qxc3 15. bxc3 Nxd5 16. Ne4 g5 17. Bg3 f5 18. Nd6 Nxc3 19. Rd4 Nb6 20. h4 {[%mdl 1024] And now hxg5 would win. White has compensation.} g4 21. Kd2 $36 {[%mdl 2048] White is more active.} Ncd5 22. Bd3 Ne7 23. Bb5 a6 24. Bc4 Nc6 25. Rb1 Nxc4+ 26. Rxc4 Rd8 {[#]} (26... e5 $11) 27. Ke1 $1 $16 Ra7 28. e4 (28. h5 $16) 28... Kf8 (28... e5 $1 $11 29. Nxf5 (29. Nxc8 Rxc8 30. exf5 {[%mdl 64] Discovered Attack} h5 $11) 29... Bxf5 30. exf5 h5) 29. Bf4 Kg7 {[#]} (29... h5 $16 {might work better.} 30. Rc5 e5 31. Nxc8 Rxc8) 30. Bxh6+ $1 $18 {[%mdl 512]} Kh7 $2 (30... Kg8 {was called for.}) (30... Kxh6 31. Nf7+) 31. Nxc8 Rxc8 32. Be3 Raa8 33. Rxb7+ Kg6 (33... Kg8 $142 34. Rb6 Nd8) 34. exf5+ Kxf5 35. Rf4+ Ke5 36. Rxg4 Rab8 37. Bf4+ Kf5 38. Bxb8 Kxg4 {[%mdl 4096] Endgame KRB-KRN} 39. Bg3 e5 40. Rg7+ Kf5 41. h5 Nd4 42. h6 Ke4 $2 (42... Ne6) 43. h7 Kd3 {[%cal Rc8c1]} 44. f3 Rc1+ 45. Kf2 Rh1 46. Bxe5 Nf5 47. Rd7+ {Accuracy: White = 55%, Black = 37%.} 1-0

[Event "3rd Sharjah Masters 2019"]
[Site "Sharjah"]
[Date "2019.03.24"]
[Round "3.38"]
[White "Akash G"]
[Black "Ammar, Sedrani"]
[Result "0-1"]
[WhiteElo "2411"]
[BlackElo "2137"]
[Annotator "TA"]
[PlyCount "103"]
[EventDate "2019.03.22"]
[EventType "swiss"]
[EventCountry "UAE"]
[SourceTitle "playchess.com"]
[Source "ChessBase"]
[SourceQuality "1"]

{[%evp 9,103,22,54,33,43,43,48,39,44,20,33,13,19,21,13,-26,37,28,46,44,73,77,108,70,96,71,102,101,114,105,116,112,114,108,146,105,113,94,103,97,93,102,102,104,206,204,204,211,181,150,125,131,137,147,272,300,284,181,170,171,188,189,430,435,431,423,386,259,295,273,325,330,533,401,1040,862,1156,610,963,0,1095,827,886,907,854,817,2508,1944,1111,1053,812,810,751,628,442,448]} 1. e4 c6 2. d4 d5 3. e5 Bf5 4. Nf3 e6 5. Be2 Bb4+ (5... Nd7 6. O-O Bg6 7. c3 Nh6 8. a4 a5 9. Na3 Be7 10. Nc2 O-O 11. Nce1 c5 12. Bxh6 gxh6 13. Bb5 cxd4 14. cxd4 Nb8 15. Qd2 {0-1 (52) Yu,Y (2764)-Artemiev,V (2709) Caleta 2019}) 6. Nbd2 {B12: Caro-Kann: Advance Variation} Nd7 7. O-O Ba5 8. Nb3 {White is slightly better.} Bc7 9. Ne1 Ne7 10. a4 $146 ({Predecessor:} 10. f4 O-O 11. Be3 f6 12. Nf3 Be4 13. c3 {1-0 (48) Gopal,G (2565)-Cruz Lledo,P (2413) Benasque 2016}) 10... O-O 11. Nd3 b6 12. Be3 a5 (12... c5 $11 13. dxc5 Nxe5) 13. f4 $14 Be4 14. Nd2 f5 15. c3 c5 16. h3 ({Much weaker is} 16. dxc5 bxc5 17. Nxc5 (17. Nxe4 fxe4 18. Nxc5 Bb6 $11) 17... Nxc5 $14) 16... Qe8 17. Kh2 Kh8 18. Ne1 h6 19. Nef3 Rc8 20. Ba6 Rd8 21. Bb5 c4 22. b3 cxb3 23. Qxb3 Rg8 24. Qa3 Qf7 25. Rac1 Nf8 26. c4 Nh7 (26... Bxf3 $16 {might work better.} 27. Nxf3 (27. Rxf3 g5 $16) 27... dxc4) 27. cxd5 $1 $18 Nxd5 28. Nxe4 fxe4 29. Nd2 g5 {[%cal Rg5f4]} 30. Nxe4 {Strongly threatening f5.} gxf4 31. Bf2 f3 (31... Ng5 $16 32. Nxg5 hxg5) 32. Qxf3 Qg6 33. Rxc7 Nxc7 {[#]} 34. Bd3 $1 $36 {[%mdl 2048] White has strong initiative.} Qg7 {[#]} 35. Nf6 $1 Ng5 $2 (35... Rdf8 {was worth a try.}) 36. Qh5 Nd5 {White should prevent ...Nf4.} 37. Nxg8 Rxg8 38. Qg4 Qc7 39. Bg1 Qc3 40. Qe2 Nb4 $2 (40... Qc7 41. h4 Nh7) 41. Bb1 Qc6 (41... Nd5 $142 42. Qh5 Nh7) 42. Rf6 Rg7 43. Rf8+ Rg8 44. Rf6 Rg7 45. Rxh6+ {White is clearly winning.} Kg8 46. Qh5 {[%csl Gh5][%cal Rh6h8]} Nf7 47. Rg6 Qxa4 48. Rxg7+ Kxg7 49. Qg6+ Kf8 50. Qxe6 Qc6 51. Qxc6 Nxc6 52. e6 {[%mdl 32768] Accuracy: White = 78%, Black = 30%. . Loss on time!?} 0-1

[Event "3rd Sharjah Masters 2019"]
[Site "Sharjah"]
[Date "2019.03.24"]
[Round "3.39"]
[White "Chekh Adm Khedr, Aram"]
[Black "Tissir, Mohamed"]
[Result "0-1"]
[WhiteElo "2155"]
[BlackElo "2386"]
[Annotator "NA"]
[PlyCount "52"]
[EventDate "2019.03.22"]
[EventType "swiss"]
[EventCountry "UAE"]
[SourceTitle "playchess.com"]
[Source "ChessBase"]
[SourceQuality "1"]
[TimeControl "5400+30"]

1. e4 {[%emt 0:00:00]} c5 {[%emt 0:00:00]} 2. Nf3 {[%emt 0:00:00]} d6 {[%emt 0:04:00]} 3. d4 {[%emt 0:02:28]} cxd4 {[%emt 0:00:06]} 4. Nxd4 {[%emt 0:00:11]} Nf6 {[%emt 0:00:09]} 5. Nc3 {[%emt 0:00:05]} a6 {[%emt 0:00:23]} 6. h4 {[%emt 0:07:28]} e6 {[%emt 0:02:12]} 7. g4 {[%emt 0:00:15]} b5 {[%emt 0:00:30]} 8. g5 {[%emt 0:00:06]} Nfd7 {[%emt 0:00:01]} 9. a3 {[%emt 0:00:08]} Bb7 {[%emt 0:00:08]} 10. Be3 {[%emt 0:00:21]} Nb6 {[%emt 0:01:59]} 11. Qh5 {[%emt 0:02:20]} g6 {[%emt 0:01:13]} 12. Qg4 {[%emt 0:00:01]} N8d7 {[%emt 0:00:16]} 13. h5 {[%emt 0:00:02]} Ne5 {[%emt 0:02:24]} 14. Qh3 {[%emt 0:00:36]} gxh5 {[%emt 0:22:45]} 15. Be2 {[%emt 0:00:41]} Nbc4 {[%emt 0:01:17]} 16. Bxh5 {[%emt 0:03:56]} Nxe3 {[%emt 0:03:48]} 17. Qxe3 {[%emt 0:05:00]} Qe7 {[%emt 0:02:14]} 18. O-O-O {[%emt 0:06:08]} O-O-O {[%emt 0:01:42]} 19. f4 {[%emt 0:06:17]} Nc4 {[%emt 0:00:11]} 20. Qd3 {[%emt 0:00:01]} Bg7 {[%emt 0:05:24]} 21. a4 {[%emt 0:04:19]} d5 {[%emt 0:06:00]} 22. e5 {[%emt 0:33:31]} Qb4 {[%emt 0:08:26]} 23. Nb3 {[%emt 0:02:09]} bxa4 {[%emt 0:00:10]} 24. Na2 {[%emt 0:02:44]} Qb6 {[%emt 0:02:58]} 25. Qc3 {[%emt 0:00:07]} axb3 {[%emt 0:00:18]} 26. cxb3 {[%emt 0:00:03]} Qe3+ {[%emt 0:00:15]} 0-1